| 000 | 01131nam a22003257a 4500 | ||
|---|---|---|---|
| 999 |
_c33979 _d33979 |
||
| 001 | 3299 | ||
| 003 | CO-MdFUSB | ||
| 005 | 20180622073135.0 | ||
| 008 | 180511n[ ] xxu||||| |||| 00| 0 eng d | ||
| 040 |
_aCO-MdFUSB _bspa _cCO-MdFUSB _dCO-MdFUSBC _erda |
||
| 041 | 0 | _aeng | |
| 082 | 0 | 4 | _aG 230 M1588t |
| 100 | 1 |
_aMackintosh, Hugh Ross (1870-1936) _eautor |
|
| 245 | 0 |
_aTypes of Modern Theology _c/ Hugh Ross Mackintosh |
|
| 264 | 1 |
_aNew York, USA : _b Ch. Scribner's Sons, _c[Fecha desconocida] |
|
| 300 | _a333 Pag | ||
| 336 |
_2rdacontent _atexto _btxt |
||
| 337 |
_2rdamedia _asin mediación _bn |
||
| 338 |
_2rdacarrier _avolumen _bnc |
||
| 650 | 0 |
_aTeología dogmática _91260 _xHistoria _yEdad Media, 600-1500 |
|
| 653 | _aSchleiermacher, Friedrich, 1768-1834 | ||
| 653 | _aHege, George Wilhelm Friedrich, 1770-1831 | ||
| 653 | _aRitschl, Akbrecht, 1822-1889 | ||
| 653 | _aTroeltsch, Ernst, 1865-1923 | ||
| 653 | _aKierkegaard, Soren, 1813-1855 | ||
| 653 | _aBarth, Karl, 1886-1968 | ||
| 653 | _aTeología dogmática - Historia - Siglo XIX | ||
| 653 | _aTeología dogmática - Historia - Siglo XX | ||
| 942 | _cBK | ||